000 00401nam a2200181Ia 4500
005 20250603145054.0
008 250603s9999 xx 000 0 und d
020 _a9783075217
050 _aPR 9387.9 .E32 .H38/
100 _aEgwuda, Emeka
245 0 _aHaunted by yesterday
260 _aLagos
260 _bWhite Cock
260 _c2002
300 _a100 p
650 _aLagos
942 _cBK
999 _c40783
_d40783